Geschichte der volkswirschaftslehre: uberblick und leseproben

Wedi'i Gadw mewn:
Manylion Llyfryddiaeth
Prif Awdur: Schmölders, Günter (Awdur)
Fformat: Llyfr
Iaith:Almaeneg
Cyhoeddwyd: Hamburgo Rowohlt 1964
Pynciau:
Tagiau: Ychwanegu Tag
Dim Tagiau, Byddwch y cyntaf i dagio'r cofnod hwn!

MARC

LEADER 00000nam a2200000 a 4500
001 UCI7966
003 CL-VaPUC
008 080731e19640000GW |||||||||||||||||ger|d
082 0 4 |a 330.943  |b SCH  |2 21 
100 0 |a Schmölders, Günter  |e author  |9 531401 
245 1 0 |a Geschichte der volkswirschaftslehre: uberblick und leseproben 
300 |a 360 p 
942 |c BK 
945 |d 20080731 00:00:00  |a rbrito 
260 |a Hamburgo  |b Rowohlt  |c 1964 
650 7 |a HISTORIA DE LA ECONOMIA ALEMANA  |2 CL-VaPUC  |9 531402 
650 0 |a Teoría económica  |9 315055 
650 0 |a Liberalismo  |9 255715 
650 0 |a Socialismo  |9 255260 
650 7 |a DOCTRINAS ECONOMICAS  |2 CL-VaPUC  |9 346455 
583 |a last modification  |c 20080731 00:00:00  |k Rodrigo Vera 
999 |c 331072  |d 331070 
952 |0 0  |1 0  |4 0  |6 330_943000000000000_SCH_1964  |7 0  |8 A  |9 417184  |a BIBDER  |b BIBDER  |d 2019-11-22  |i 4464915  |o 330.943 SCH 1964  |p 4464915  |r 2023-01-25  |w 2019-11-22  |y BK  |k DER